00298nam a22000977a 4500008004100000082001700041100000800058245009500066260003000161300000900191230612b xxu||||| |||| 00| 0 eng d a354.676bGOK cGOK aStatistical Abstractb1998cCentral Bureau of StatisticshMinistry of Finance and Planning aNairobi, KenyabGOKc1998 a334p